00445nam a2200157Ia 4500003000400000008004100004040001600045082001600061100002200077245007200099700002400171260004400195300001000239650000900249650002900258GCL140319s9999 xx 000 0 eng d aGCL / cGCL04a739.27bH G1 aHOFFMANN, HERBERT10aGREEK GOLD: JEWELRY FROM THE AGE OF ALEXANDER / cHOFFMANN, HERBERT1 aDAVIDSON, PATICIA F a[S.N] : bMUSEUM OF FINE ARTS ، c1966 a311 P04aGOLD04aALEXANDER 1, 1801 - 1825